000 00368nam a2200133Ia 4500
008 150202s9999 xx 000 0 und d
020 _a6167349
050 _aFIC
_bFIC
100 _aAmbler, Eric.
245 4 _aThe Schirmer inheritance /
_cEric Ambler.
260 _aGreat Britain :
_bWilliam Heinemann,
_c1963.
300 _a189 pages :
_c18 cm.
650 _aFiction.
999 _c281815
_d281815